| 000 | 00551nam a2200241 a 4500 | ||
|---|---|---|---|
| 001 | nice12345678 | ||
| 003 | IN_TiNIC | ||
| 005 | 20260116011448.0 | ||
| 008 | 050524s1957 a grp 000 0 eng | ||
| 020 |
_a _c64 |
||
| 082 | 0 | 0 |
_a340.50 _bHUR |
| 100 | _aHurgronje, C Snouck | ||
| 245 | _aSelected Work of Snouck | ||
| 260 |
_a _b _c1957 |
||
| 300 | _a299p | ||
| 500 | _aincludes index and biblioraphy | ||
| 505 | 2 | _aIll, Index | |
| 650 | _aIslamic-Law | ||
| 700 | 1 | _aHurgronje, C Snouck | |
| 902 | _bSRS | ||
| 942 | _cBK | ||
| 999 |
_c1760 _d1760 |
||